Geography Quiz

Random Geography or City Quiz

Minnesota's Largest Cities Quiz Stats

 Plays Quiz not verified by Sporcle

Score 0/18 Timer 05:00
0 Plays Today
Population City % Correct
390,131Minneapolis
100%
287,151St. Paul
100%
84,284Duluth
95.2%
101,659Rochester
91.7%
81,280Bloomington
81.5%
66,948St. Cloud
73.2%
76,906Eden Prairie
60.1%
50,081Minnetonka
55.4%
50,004Apple Valley
53.6%
Population City % Correct
71,308Brooklyn Park
50.6%
71,486Plymouth
49.4%
63,985Eagan
47.6%
59,139Burnsville
47.6%
56,128Woodbury
45.8%
61,542Maple Grove
42.3%
61,832Coon Rapids
41.7%
54,542Lakeville
39.3%
55,042Blaine
38.1%

You're not logged in!

Compare scores with friends on all Sporcle quizzes.
Join for Free
OR
Log In

You Might Also Like...

Show Comments

Extras

Top Quizzes Today


Score Distribution

Your Account Isn't Verified!

In order to create a playlist on Sporcle, you need to verify the email address you used during registration. Go to your Sporcle Settings to finish the process.

Report this User

Report this user for behavior that violates our Community Guidelines.

Details: